TOEFL grammar flash : The reading comprehension section of the TOELF tests
Zapisane w:
| 1. autor: | |
|---|---|
| Format: | Książka |
| Wydane: |
Nxb Tp.HCM
2000
|
| Etykiety: |
Dodaj etykietę
Nie ma etykietki, Dołącz pierwszą etykiete!
|
| Thư viện lưu trữ: | Mạng thư viện Đại học Đà Nẵng |
|---|
| LEADER | 00875nam a2200253 a 4500 | ||
|---|---|---|---|
| 001 | 000041972 | ||
| 003 | 6144 | ||
| 005 | 20171030155812.0 | ||
| 008 | 171030s2000 | ||
| 020 | |c 20000 | ||
| 040 | |a LNN | ||
| 082 | 0 | |a 425 |b PET- | |
| 100 | 1 | |a Peterson's | |
| 245 | 0 | 0 | |a TOEFL grammar flash : The reading comprehension section of the TOELF tests |c Peterson's ; Nguyễn Hoàng Vĩnh Lộc, Nguyễn Lưu Bảo Đoan chú giải. |
| 260 | |b Nxb Tp.HCM |c 2000 | ||
| OWN | |a LNN | ||
| AVA | |a UDN50 |b LNN |d 425 PET- |e available |t Error 5001 Not defined in file expand_doc_bib_avail. |f 1 |g 0 |h N |i 0 |k 1 | ||
| 999 | |a From the UDN01 | ||
| AVA | |a UDN50 |b LNN |d 425 PET- |e available |t Error 5001 Not defined in file expand_doc_bib_avail. |f 1 |g 0 |h N |i 0 |k 1 | ||
| TYP | |a Monograph | ||
| TYP | |a Printed language | ||
| 980 | |a Mạng thư viện Đại học Đà Nẵng | ||